| 000 | 01114nam a2200265 i 4500 | ||
|---|---|---|---|
| 001 | bg | ||
| 245 | 0 | 0 |
_aKonstrukcje metalowe - Gdańsk 2001 : _bX Międzynarodowa Konferencja Naukowo-Techniczna, Gdańsk 6-8. / _c[red.] Jerzy Ziółko, Ewa Supernak ; Komitet Inżynierii Lądowej i Wodnej Polskiej Akademii Nauk [et al.] _n6. _n001. T.2. |
| 246 | 1 | 1 | _aMetal structures - Gdańsk 2001 |
| 260 |
_aGdańsk : _b[PG], _c2001. |
||
| 300 |
_a428 s. : _bil. ; _c24 cm. |
||
| 500 | _aTyt. równol.: Metal structures - Gdańsk 2001 : Xth International Scientific-Technical Conference. Vol.2. - Streszcz. ang. | ||
| 504 | _aBibliogr. przy ref. | ||
| 650 | 9 | _aKonstrukcje metalowe | |
| 650 | 9 |
_aKonstrukcje metalowe _amechanika |
|
| 650 | 9 | _aPołączenia konstrukcyjne | |
| 655 | _aMateriały konferencyjne | ||
| 700 | 1 |
_aZiółko, Jerzy _d(1934- ). _eRed. |
|
| 700 | 1 |
_aSUPERNAK, Ewa. _eRed. |
|
| 710 | 0 |
_aPolska Akademia Nauk _bKomitet Inżynierii Lądowej i Wodnej |
|
| 040 | _cBPK | ||
| 041 | 0 |
_apl _ben |
|
| 080 | _a624.01/.07:624.014:539.3/.6](061) | ||
| 942 | _cKS | ||
| 008 | s pl f |000 0 pol | ||
| 999 |
_c40659 _d40659 |
||
| 856 |
_uhttp://koha.tu.koszalin.pl/cgi-bin/koha/opac-detail.pl?biblionumber=40659 _yKatalog online BPK |
||